000 00332nam a22001457a 4500
008 210506b ||||| |||| 00| 0 eng d
020 _aX000C3K10F
041 _aeng
080 _26th
_a61
082 _a61
100 _a3
101 _aSHM
245 _aMedical Terminology a word Building Approach
_cJane Rice
942 _2udc
_cBK
999 _c57080
_d57080